|
|
|
|
| LEADER |
00000nab a2200000 a 4500 |
| 001 |
vtls000367594 |
| 003 |
SK-MaSNL |
| 005 |
20260304235624.0 |
| 008 |
230223c1989 xo 0 slo |
| 015 |
|
|
|a SNBRB19rr/mm-uuuuu
|
| 035 |
|
|
|a CL0367716
|
| 035 |
|
|
|a urn:nbn:sk:snk-ab6t84
|
| 035 |
|
|
|a (uuid)d574e310-750d-4471-82a8-6df356580f8d
|
| 035 |
|
|
|a (urnnbn)urn:nbn:sk:snk:ar-a05qpb
|
| 035 |
|
|
|a (sysno)vtls000367594
|
| 040 |
|
|
|a SNKBUCL
|b slo
|c SNKBUCL
|e AACR2
|
| 041 |
0 |
|
|a slo
|
| 044 |
|
|
|a xo
|c SK
|
| 080 |
|
|
|a 616.72-002
|2 1981
|
| 245 |
0 |
0 |
|a Spontánna atlantoaxiálna dislokácia pre reumatoidnej artritíde. Neurologický pohľad
|c E. Drličková ... [et al.]
|
| 300 |
|
|
|b Obr. 3. Tb. 2. Res. rus., angl., lit. 18 zázn. v slov., češ., angl.
|
| 650 |
0 |
7 |
|a reumatoidná artritída
|2 snkbucl
|9 28588
|
| 650 |
0 |
7 |
|a dislokácia atlantoaxiálna spontánna
|2 snkbucl
|9 1573359
|
| 655 |
|
7 |
|a články z novín a časopisov
|2 snkbucl
|9 267496
|
| 700 |
1 |
|
|a Drličková, E.
|4 aut
|9 1573360
|
| 700 |
1 |
|
|a Urbánek, Tibor,
|d 1923-2019
|4 aut
|9 182851
|
| 700 |
1 |
|
|a Tauchmannová, Helena,
|d 1926-
|4 aut
|9 233963
|
| 700 |
1 |
|
|a Ondrašík, M.
|4 aut
|9 943075
|
| 700 |
1 |
|
|a Schultz, P.
|4 aut
|9 949340
|
| 773 |
0 |
|
|t Rheumatologia
|g Roč. 3, č. 3 (1989), s. 153-157
|
| 850 |
|
|
|a Slovenská národná knižnica v Martine
|a MTA001
|
| 852 |
|
|
|a SNK
|b KIS3GCP
|
| 954 |
|
|
|a odborná, vedecká literatúra pôvodná (slovenská)
|2 lita
|
| 958 |
|
|
|a RK
|
| 958 |
|
|
|a ME
|
| 958 |
|
|
|a NB
|
| 958 |
|
|
|a OND
|
| 958 |
|
|
|a EUIPO
|
| 958 |
|
|
|a article27
|
| 992 |
|
|
|a RBX
|
| 999 |
|
|
|c 3209691
|d 3211621
|